[Event "Homenaje a los Hermanos Ingolotti"]
[Site "Ciudad del Este PAR"]
[Date "2008.01.04"]
[Round "1.1"]
[White "Larrea, Manuel"]
[Black "Patriarca, Luis"]
[Result "0-1"]
[WhiteElo "2342"]
[BlackElo "2314"]
[PlyCount "70"]
[EventDate "2008.01.04"]
[EventType "tourn"]
[EventRounds "10"]
[EventCountry "PAR"]
[EventCategory "5"]
[Source "lmi"]
[SourceDate "2008.01.04"]

1. e4 e6 2. d3 d5 3. Nd2 c5 4. Ngf3 Nc6 5. g3 g6 6. Bg2 Bg7 7. O-O Nge7 8. exd5
exd5 9. d4 c4 10. c3 O-O 11. b3 b5 12. a4 b4 13. bxc4 bxc3 14. Nb1 Bg4 15. Be3
c2 16. Qxc2 Bxf3 17. Bxf3 Nxd4 18. Bxd4 Bxd4 19. Ra3 Rc8 20. Be2 dxc4 21. Bxc4
Nc6 22. Bb5 Qb6 23. Nd2 Bg7 24. Qa2 Nd4 25. Bc4 Rb8 26. Rb1 Qc7 27. Rxb8 Rxb8
28. Re3 Bh6 29. f4 Bg7 30. Kg2 Nf5 31. Rb3 Re8 32. Bd3 Qc6+ 33. Kh3 Ne3 34. Be4
Rxe4 35. Nxe4 Qe6+ 0-1

[Event "Homenaje a los Hermanos Ingolotti"]
[Site "Ciudad del Este PAR"]
[Date "2008.01.04"]
[Round "1.3"]
[White "Diaz Hollemaert, Nahuel"]
[Black "Valiente, Cristobal"]
[Result "1/2-1/2"]
[WhiteElo "2429"]
[BlackElo "2273"]
[PlyCount "77"]
[EventDate "2008.01.04"]
[EventType "tourn"]
[EventRounds "10"]
[EventCountry "PAR"]
[EventCategory "5"]
[Source "lmi"]
[SourceDate "2008.01.04"]

1. d4 d6 2. g3 g6 3. Bg2 Bg7 4. e4 Nf6 5. Nc3 O-O 6. Nge2 e5 7. O-O c6 8. a4
Qc7 9. h3 Nbd7 10. Be3 b6 11. Qd2 Bb7 12. Rfd1 Rfe8 13. d5 cxd5 14. Nb5 Qb8 15.
exd5 a6 16. Na3 Qc7 17. c4 Nc5 18. Qc2 Bc8 19. g4 Bd7 20. Nb1 a5 21. Nbc3 h5
22. g5 Bf5 23. Qc1 Nfe4 24. Nb5 Qd7 25. Ra3 Bxh3 26. f3 f6 27. Bxh3 Qxh3 28.
fxe4 Qg4+ 29. Kf1 Nxe4 30. Nec3 Qf3+ 31. Ke1 Qh1+ 32. Ke2 Qg2+ 33. Ke1 Qh1+ 34.
Ke2 Qg2+ 35. Ke1 Ng3 36. b3 Qf1+ 37. Kd2 Qg2+ 38. Ke1 Qf1+ 39. Kd2 1/2-1/2

[Event "Homenaje a los Hermanos Ingolotti"]
[Site "Ciudad del Este PAR"]
[Date "2008.01.05"]
[Round "2.2"]
[White "Soppe, Guillermo"]
[Black "Diaz Hollemaert, Nahuel"]
[Result "1/2-1/2"]
[WhiteElo "2426"]
[BlackElo "2429"]
[PlyCount "52"]
[EventDate "2008.01.04"]
[EventType "tourn"]
[EventRounds "10"]
[EventCountry "PAR"]
[EventCategory "5"]
[Source "lmi"]
[SourceDate "2008.01.04"]

1. Nf3 g6 2. d4 Bg7 3. c4 d6 4. Nc3 Nd7 5. e4 e5 6. Be2 Ne7 7. h4 h6 8. h5 g5
9. d5 f5 10. exf5 Nf6 11. g4 Nxg4 12. Nxg5 hxg5 13. Bxg4 Nxf5 14. Ne4 Bh6 15.
Qd3 Rf8 16. Ng3 Qf6 17. Bxf5 Bxf5 18. Qxf5 Qxf5 19. Nxf5 Rxf5 20. Be3 a6 21.
Ke2 e4 22. Rag1 Kd7 23. Rg4 Re8 24. Rhg1 Ree5 25. Bd4 Re8 26. Be3 Ree5 1/2-1/2

[Event "Homenaje a los Hermanos Ingolotti"]
[Site "Ciudad del Este PAR"]
[Date "2008.01.06"]
[Round "5.2"]
[White "Diaz Hollemaert, Nahuel"]
[Black "Patriarca, Luis"]
[Result "1-0"]
[WhiteElo "2429"]
[BlackElo "2314"]
[PlyCount "39"]
[EventDate "2008.01.04"]
[EventType "tourn"]
[EventRounds "10"]
[EventCountry "PAR"]
[EventCategory "5"]
[Source "lmi"]
[SourceDate "2008.01.04"]

1. e4 e6 2. d3 d5 3. Qe2 Nf6 4. Nf3 c5 5. g3 b6 6. Bg2 dxe4 7. dxe4 Ba6 8. c4
Nc6 9. e5 Nd7 10. Nc3 Rc8 11. O-O Qc7 12. Rd1 Nd4 13. Nxd4 cxd4 14. Rxd4 Bxc4
15. Qd1 Bb4 16. Ne4 Be7 17. Bf4 Bd5 18. Nd6+ Bxd6 19. exd6 Qc2 20. Rxd5 1-0

[Event "Homenaje a los Hermanos Ingolotti"]
[Site "Ciudad del Este PAR"]
[Date "2008.01.06"]
[Round "5.3"]
[White "Soppe, Guillermo"]
[Black "Larrea, Manuel"]
[Result "1-0"]
[WhiteElo "2429"]
[BlackElo "2342"]
[PlyCount "65"]
[EventDate "2008.01.04"]
[EventType "tourn"]
[EventRounds "10"]
[EventCountry "PAR"]
[EventCategory "5"]
[Source "lmi"]
[SourceDate "2008.01.04"]

1. d4 Nf6 2. Nf3 g6 3. Bf4 Bg7 4. e3 Nh5 5. Be5 f6 6. g4 fxe5 7. gxh5 e4 8.
Nfd2 d5 9. hxg6 hxg6 10. c4 c6 11. Nc3 e5 12. dxe5 Bxe5 13. Qb3 d4 14. Ncxe4
dxe3 15. Qxe3 O-O 16. Rg1 Bf5 17. Bh3 Bg7 18. Bxf5 gxf5 19. Nc5 Re8 20. Rxg7+
Kxg7 21. Ne6+ Rxe6 22. Qxe6 Qf6 23. Qc8 Qe7+ 24. Kf1 Qd7 25. Qxd7+ Nxd7 26. Nf3
Kf6 27. Rd1 Nb6 28. b3 Ke6 29. h4 Rh8 30. Ke2 Nd7 31. Nd4+ Kf6 32. Nxc6 Rh7 33.
Rd6+ 1-0

[Event "Homenaje a los Hermanos Ingolotti"]
[Site "Ciudad del Este PAR"]
[Date "2008.01.07"]
[Round "6.2"]
[White "Diaz Hollemaert, Nahuel"]
[Black "Soppe, Guillermo"]
[Result "1/2-1/2"]
[WhiteElo "2429"]
[BlackElo "2426"]
[PlyCount "27"]
[EventDate "2008.01.04"]
[EventType "tourn"]
[EventRounds "10"]
[EventCountry "PAR"]
[EventCategory "5"]
[Source "lmi"]
[SourceDate "2008.01.04"]

1. d4 d5 2. Nf3 Nf6 3. c4 e6 4. Nc3 Be7 5. cxd5 exd5 6. Bg5 c6 7. Qc2 O-O 8. e3
Nbd7 9. Bd3 Re8 10. O-O g6 11. h3 Nh5 12. Bxe7 Qxe7 13. Rab1 Nb6 14. Na4
1/2-1/2

[Event "Homenaje a los Hermanos Ingolotti"]
[Site "Ciudad del Este PAR"]
[Date "2008.01.07"]
[Round "7.1"]
[White "Patriarca, Luis"]
[Black "Larrea, Manuel"]
[Result "1/2-1/2"]
[WhiteElo "2314"]
[BlackElo "2342"]
[PlyCount "40"]
[EventDate "2008.01.04"]
[EventType "tourn"]
[EventRounds "10"]
[EventCountry "PAR"]
[EventCategory "5"]
[Source "lmi"]
[SourceDate "2008.01.04"]

1. d4 Nf6 2. c4 g6 3. Nc3 Bg7 4. g3 O-O 5. Bg2 d6 6. e3 Nc6 7. Nge2 a6 8. b3
Rb8 9. O-O Na5 10. Bb2 b5 11. cxb5 axb5 12. Qc2 b4 13. Nd5 Nxd5 14. Bxd5 Bf5
15. Qd2 c6 16. Bg2 Qc8 17. Rac1 Bh3 18. Bxh3 Qxh3 19. Nf4 Qf5 20. Nd3 Qb5
1/2-1/2

[Event "Homenaje a los Hermanos Ingolotti"]
[Site "Ciudad del Este PAR"]
[Date "2008.01.07"]
[Round "7.3"]
[White "Valiente, Cristobal"]
[Black "Diaz Hollemaert, Nahuel"]
[Result "1/2-1/2"]
[WhiteElo "2273"]
[BlackElo "2429"]
[PlyCount "126"]
[EventDate "2008.01.04"]
[EventType "tourn"]
[EventRounds "10"]
[EventCountry "PAR"]
[EventCategory "5"]
[Source "lmi"]
[SourceDate "2008.01.04"]

1. e4 c5 2. Nf3 e6 3. c4 Nc6 4. Nc3 Nf6 5. Be2 d5 6. exd5 exd5 7. d4 Be6 8. Be3
cxd4 9. Nxd4 Nxd4 10. Qxd4 dxc4 11. Qxd8+ Rxd8 12. Bxa7 Bb4 13. a3 Ba5 14. Bc5
Nd5 15. Rc1 b6 16. Be3 O-O 17. Bd2 Nxc3 18. Bxc3 Bxc3+ 19. Rxc3 Rd5 20. O-O
Rfd8 21. a4 Ra8 22. Rd1 Rxd1+ 23. Bxd1 b5 24. Ra3 b4 25. Ra1 b3 26. a5 Bf5 27.
g4 Bd3 28. Ra3 h5 29. gxh5 c3 30. Rxb3 c2 31. Bxc2 Bxc2 32. Rb5 Bd3 33. Rd5 Bc4
34. Rc5 Be2 35. Re5 Bf3 36. Rf5 Be2 37. b4 Rb8 38. Rf4 Rb5 39. f3 Rxh5 40. h4
Bb5 41. Kf2 Rd5 42. Ke3 Rd3+ 43. Ke4 Rd1 44. Ke3 f6 45. Rd4 Rb1 46. Kd2 Kf7 47.
Kc2 Rf1 48. f4 Ke6 49. Kb3 Rf3+ 50. Kb2 g6 51. Kc2 Rh3 52. Kd2 f5 53. Rd8 Rh2+
54. Kc3 Rh3+ 55. Kd2 Rb3 56. Rb8 Rxb4 57. Kc3 Rb1 58. a6 Ra1 59. Rb6+ Kf7 60.
Rxb5 Rxa6 61. h5 gxh5 62. Rxf5+ Rf6 63. Rxh5 Rxf4 1/2-1/2

[Event "Homenaje a los Hermanos Ingolotti"]
[Site "Ciudad del Este PAR"]
[Date "2008.01.08"]
[Round "8.1"]
[White "Soppe, Guillermo"]
[Black "Patriarca, Luis"]
[Result "1/2-1/2"]
[WhiteElo "2426"]
[BlackElo "2314"]
[PlyCount "54"]
[EventDate "2008.01.04"]
[EventType "tourn"]
[EventRounds "10"]
[EventCountry "PAR"]
[EventCategory "5"]
[Source "lmi"]
[SourceDate "2008.01.04"]

1. d4 Nf6 2. Nf3 e6 3. e3 c5 4. Bd3 cxd4 5. exd4 b6 6. O-O Bb7 7. c3 Be7 8.
Nbd2 O-O 9. Re1 d6 10. Nf1 Nbd7 11. Ng3 Re8 12. a4 a6 13. Bd2 Qc8 14. Rc1 Bc6
15. c4 a5 16. Bc3 Qb7 17. d5 exd5 18. Nd4 Ne5 19. Nxc6 Qxc6 20. cxd5 Qxd5 21.
Bb5 Qxd1 22. Rcxd1 Red8 23. Nf5 Bf8 24. f4 Ned7 25. g3 d5 26. Ne7+ Bxe7 27.
Rxe7 Kf8 1/2-1/2

[Event "Homenaje a los Hermanos Ingolotti"]
[Site "Ciudad del Este PAR"]
[Date "2008.01.08"]
[Round "9.1"]
[White "Larrea, Manuel"]
[Black "Diaz Hollemaert, Nahuel"]
[Result "0-1"]
[WhiteElo "2342"]
[BlackElo "2429"]
[PlyCount "34"]
[EventDate "2008.01.04"]
[EventType "tourn"]
[EventRounds "10"]
[EventCountry "PAR"]
[EventCategory "5"]
[Source "lmi"]
[SourceDate "2008.01.04"]

1. e4 g6 2. d4 d6 3. Nc3 c6 4. f4 Qb6 5. Nf3 Bg4 6. Be2 Bg7 7. e5 Nh6 8. Ng5
Bxe2 9. Nxe2 c5 10. dxc5 Qxc5 11. exd6 O-O 12. dxe7 Re8 13. Ne4 Qxe7 14. N4g3
Nc6 15. c3 Qc5 16. Rf1 Ng4 17. h3 Bxc3+ 0-1

[Event "Homenaje a los Hermanos Ingolotti"]
[Site "Ciudad del Este PAR"]
[Date "2008.01.08"]
[Round "9.2"]
[White "Soppe, Guillermo"]
[Black "Valiente, Cristobal"]
[Result "1-0"]
[WhiteElo "2426"]
[BlackElo "2273"]
[PlyCount "43"]
[EventDate "2008.01.04"]
[EventType "tourn"]
[EventRounds "10"]
[EventCountry "PAR"]
[EventCategory "5"]
[Source "lmi"]
[SourceDate "2008.01.04"]

1. Nf3 c5 2. c4 Nc6 3. Nc3 Nf6 4. g3 g6 5. Bg2 Bg7 6. d4 O-O 7. O-O d6 8. d5
Na5 9. Nd2 a6 10. Qc2 Rb8 11. b3 b5 12. Rb1 e6 13. Bb2 exd5 14. Nxd5 Nxd5 15.
Bxd5 Be6 16. Bxg7 Kxg7 17. Qc3+ Kg8 18. Ne4 Bxd5 19. Nf6+ Kh8 20. cxd5 b4 21.
Qa1 Rb7 22. e4 1-0

[Event "Homenaje a los Hermanos Ingolotti"]
[Site "Ciudad del Este PAR"]
[Date "2008.01.09"]
[Round "10.2"]
[White "Patriarca, Luis"]
[Black "Diaz Hollemaert, Nahuel"]
[Result "0-1"]
[WhiteElo "2314"]
[BlackElo "2429"]
[PlyCount "56"]
[EventDate "2008.01.04"]
[EventType "tourn"]
[EventRounds "10"]
[EventCountry "PAR"]
[EventCategory "5"]
[Source "lmi"]
[SourceDate "2008.01.04"]

1. c4 g6 2. g3 Bg7 3. Bg2 Nc6 4. Nc3 f5 5. e3 e5 6. d3 Nh6 7. Nge2 O-O 8. O-O
d6 9. Rb1 a5 10. a3 g5 11. f4 Nf7 12. Bd2 Ne7 13. b4 axb4 14. axb4 gxf4 15.
exf4 c6 16. b5 Be6 17. bxc6 bxc6 18. fxe5 dxe5 19. Qc2 e4 20. dxe4 Bxc4 21. Rb7
Ba6 22. Rb3 Bd3 23. Qd1 Rb8 24. Rf2 Ne5 25. Rxb8 Qxb8 26. Bg5 Qa7 27. Bxe7 Ng4
28. Qb3+ Rf7 0-1

[Event "Homenaje a los Hermanos Ingolotti"]
[Site "Ciudad del Este PAR"]
[Date "2008.01.09"]
[Round "10.3"]
[White "Larrea, Manuel"]
[Black "Soppe, Guillermo"]
[Result "1/2-1/2"]
[WhiteElo "2342"]
[BlackElo "2426"]
[PlyCount "68"]
[EventDate "2008.01.04"]
[EventType "tourn"]
[EventRounds "10"]
[EventCountry "PAR"]
[EventCategory "5"]
[Source "lmi"]
[SourceDate "2008.01.04"]

1. e4 d5 2. exd5 Qxd5 3. Nc3 Qa5 4. d4 Nf6 5. Bc4 Bg4 6. f3 Bf5 7. g4 Bg6 8. h4
h6 9. Nge2 Nbd7 10. Bd2 Qb6 11. Nf4 O-O-O 12. Nxg6 fxg6 13. Qe2 e5 14. d5 e4
15. fxe4 Ne5 16. O-O-O Nfxg4 17. Rhg1 Nxc4 18. Qxc4 Ne5 19. Qe2 Be7 20. Kb1 a6
21. Na4 Qb5 22. Qxb5 axb5 23. Nc3 c6 24. Bf4 Bf6 25. Bxe5 Bxe5 26. Rxg6 Bf6 27.
h5 Rhe8 28. a3 Re5 29. Rh1 Rd7 30. Rg4 Kc7 31. Rg3 Ree7 32. Rhg1 Re5 33. Rh1
Ree7 34. Rhg1 Re5 1/2-1/2